Normal view MARC view
  • GRIFFIN,RAY DAVID

Entry Personal Name

Number of records used in: 1

001 - CONTROL NUMBER

  • control field: 133152

003 - CONTROL NUMBER IDENTIFIER

  • control field: NUST

005 - DATE AND TIME OF LATEST TRANSACTION

  • control field: 20260211105134.0

008 - FIXED-LENGTH DATA ELEMENTS

  • fixed length control field: 260211|| aca||aabn | a|a d

040 ## - CATALOGING SOURCE

  • Original cataloging agency: NUST
  • Transcribing agency: NUST

100 ## - HEADING--PERSONAL NAME

  • Personal name: GRIFFIN,RAY DAVID

670 ## - SOURCE DATA FOUND

  • Source citation: Work cat.: (NUST): GRIFFIN,RAY DAVID., THE NEW PEARL HARBOR DISTURBING QUESTIONS ABOUT THE BUSH ADMINISTRATION AND 9/11 /, 2004.
© 2023 Central Library, National University of Sciences and Technology. All Rights Reserved.